000 00481nam a2200193Ia 4500
005 20240823024249.0
008 240823s9999||||xx |||||||||||||| ||und||
020 _a978-81-345-0588-8
041 _aENGLISH
082 _A519.2 P8
100 _aJay L Devore
245 0 _aProbability and statistics for Engineerins
250 _a1st
260 _c2008
_bCengage Learning
_aNew Delhi
500 _aYES
650 _aProbability
_bMathematics
942 _cBK
999 _c183508
_d183508